| 000 | 00594nam a22001937a 4500 | ||
|---|---|---|---|
| 999 |
_c9834 _d9834 |
||
| 003 | AR-CdUCM | ||
| 008 | 190328b ||||| |||| 00| 0 spa d | ||
| 020 | _a978-607-16-0696-9 | ||
| 040 |
_aMUNICIPALIDAD PROVINCIAL DEL CUSCO _cBIBLIOTECA MUNICIPAL DEL CUSCO |
||
| 082 |
_aSI-0115 / _bARM / tra |
||
| 100 |
_aArmstrong Olea, Magdalena _926311 |
||
| 245 | _aTrapo y rata / | ||
| 260 |
_aMéxico : _bFondo de Cultura Económica, _c2011. |
||
| 300 |
_bIlustraciones. _c15.5 cm. |
||
| 650 |
_aLibro infantil _924758 |
||
| 650 |
_aLiteratura gráfica _926312 |
||
| 942 |
_2ddc _cLIBROS |
||
| 945 | _aafb | ||